Thực hành lập trình SQL : Song ngữ Anh - Việt có chú giải thuật ngữ /

Gardado en:
Detalles Bibliográficos
Outros autores: Trần Đức Quang (biên dịch và chú giải)
Formato: Sách giấy
Idioma:Vietnamese
Publicado: TP.HCM : Đại học Quốc gia, 2004
Series:Tiếng Anh qua ngữ cảnh tin học
Những chủ đề:
Các nhãn: Engadir etiqueta
Sen Etiquetas, Sexa o primeiro en etiquetar este rexistro!
Thư viện lưu trữ: Thư viện Trường Đại học Đà Lạt
LEADER 00914nam a2200313 4500
001 DLU060053053
005 ##20060519
040 # # |a DLU  |b vie 
041 # # |a vie 
044 # # |a vn 
082 # # |a 005.75  |b Thu 
245 # # |a Thực hành lập trình SQL :  |b Song ngữ Anh - Việt có chú giải thuật ngữ /  |c Trần Đức Quang biên dịch và chú giải 
260 # # |a TP.HCM :  |b Đại học Quốc gia,  |c 2004 
300 # # |a 745 tr. ;  |c 24 cm 
490 # # |a Tiếng Anh qua ngữ cảnh tin học 
504 # # |a Tài liệu tham khảo :tr.745 
653 # # |a Ngôn ngữ lập trình 
653 # # |a Ngôn ngữ SQL 
700 # # |a Trần Đức Quang  |e biên dịch và chú giải 
923 # # |a 06/2006 
992 # # |a 135.000 
994 # # |a DLU 
900 # # |a True 
911 # # |a Đào Thị Thu Huyền 
925 # # |a G 
926 # # |a A 
927 # # |a SH 
980 # # |a Thư viện Trường Đại học Đà Lạt